Evénements du 29 novembre - Statistiques

Statistiques générales
  • Ce quiz a été pris 74 fois
  • Le résultat moyen est 6 sur 15
Statistiques - réponses
Hint Réponse % Correct
1ère apparitions mariale à Beauraing, en Belgique ET Naissance de Jacques Chirac 1932
83%
La loi permettant l'IVG est adoptée en France 1974
79%
Mort de Philippe IV le Bel 1314
60%
Mort de Cary Grant 1986
51%
Sacre du roi de France Louis IX 1226
47%
Mort du Beatle, George Harrison 2001
47%
Création de la République populaire de Yougoslavie 1945
43%
Commercialisation du jeu vidéo Pong 1972
40%
Naissance de Maurice Genevoix, écrivain 1890
38%
Naissance du réalisateur Pierre Gaspard-Huit 1917
28%
Naissance de Théophile Gautier, écrivain 1836
23%
Naissance de Gaetano Donizetti, compositeur 1797
21%
Mort de l'impératrice Marie-Thérèse d'Autriche 1780
19%
Mort du compositeur Claudio Monteverdi 1643
15%
Naissance du neurologue Jean-Martin Charcot 1825
9%
Aucun quiz correspondant
Distribution des résultats
% des personnes avec chaque résultat
Percentile par nombre de réponses
Votre historique - résultats
Vous n’avez pas pris ce quiz